| 000 | 00522nam a2200157 i 4500 | ||
|---|---|---|---|
| 001 | 52415 | ||
| 003 | ES-MaACL | ||
| 005 | 20230906162558.0 | ||
| 007 | t| | ||
| 008 | 030829s1958 sp ||||1| spa d | ||
| 100 | 1 |
_aDauphin-Meunier, Achille. _942830 |
|
| 245 | 1 | 0 |
_aHistoria de la banca / _cAquiles Dauphin-Meunier ; traducción castellana de Ignacio L. Bajona Oliveras. |
| 260 |
_aBarcelona : _bVergara, _c[1958] ( _fImp. Emporium) |
||
| 700 | 1 |
_aBajona Oliveras, Ignacio L. _924761 |
|
| 852 |
_aES-MaACL _jC-14774 _bR.42577 |
||
| 999 |
_c52415 _d52415 |
||